000 01014nam a2200289 i 4500
003 EG-GICUC
005 20260121101341.0
008 251125s1936 iq ||||fr|||| 00| 0 ara d
040 _a EG-GICUC
_bara
_c EG-GICUC
_d EG-GICUC
_erda
041 0 _aara
082 0 4 _221
_a345
_bم ح . م
092 0 4 _221
099 _aLaw1 07 345 م ح . م 1936
100 0 _aمحمد زهير جرانه
_eمؤلف.
245 1 0 _aمذكرات في القانون الإداري /
_cنقلا عن المحاضرات التي ألقاها محمد زهير جرانه.
264 _aبغداد :
_bمطبعة المعارف،
_c1936.
300 _a189 صفحة ؛
_c24 سم.
336 _2rda content
_atext
337 _2rda media
_aComputer
338 _2rda carrier
_aOnline Resource
546 _aالنص باللغة العربية
650 1 4 _aالنشاط الإداري
_2qrmak
651 1 _2qrmak
856 4 0 _uhttps://fll.law.cu.edu.eg/fulltext/bks/B07-00686.pdf
905 _a65
942 _2ddc
_cBK
_e21
_n0
999 _c45828
_d45828